LEADER 00997nam a2200265 i 4500 001 000000148661 003 CaOOAMICUS 005 20060601000000.0 008 060601s1991 it u000 u ita u 013 $a125977 020 $a963-13-3458-9 040 $aSeMil$bita 100 1 $aFekete, Gyula.$0(OLS)http://semarc/name/58790 245 10$aUngheria /$cpresentata da Gyula Fekete. 260 $a[Budapest] :$bCorvina,$cstampa 1991. 300 $a237 p. :$bricc. ill. ;$c27 cm. 500 $aContiene : 237 foto a colori. - Dono del Card. Dionigi Tettamanzi. 650 4$aUngheria.$0(OLS)http://semarc/subject/11506 850 $aSeMil 852 $aSeMil$W1$xVenegono$y1$m4Y VIII 28$j101025$B101025$CSeMilBibl$Z2$F111729 $81 941 1 $a5 961 $aOmaggio: Tettamanzi Card. Dionigi 996 $6020$a963-13-3458-9$9(OLS)http://semarc/number/137596 996 $6245$aUngheria$9(OLS)http://semarc/title/217281 996 $6260$a[Budapest] :$bCorvina$9(OLS)http://semarc/publisher/46091 LEADER 00732nam a2200205 i 4500 001 000000088957 003 CaOOAMICUS 005 20180830150038.0 008 180830s1971 xx u000 u und u 013 $a61198 040 $aSeMil$bita 245 10$aBreviario patristico. 260 $aTorino :$bGribaudi,$c1971. 300 $a444 p. 650 4$aPatristica - Testi.$0(OLS)http://semarc/subject/0 700 1 $a?pidlík, Thomá?,$c.$0(OLS)http://semarc/name/5014 850 $aSeMil 852 $aSeMil$W1$xVenegono$y1$m168 8 *$j52139$B52139$CSeMilBibl$Z2$F56557 $81 996 $6245$aBreviario patristico$9(OLS)http://semarc/title/134764 996 $6260$aTorino :$bGribaudi$9(OLS)http://semarc/publisher/31540